Top 15 Movies on Netflix Right Now - Statistics

General Stats
  • This quiz has been taken 3 times
  • The average score is 1 of 15
Answer Stats
Order Answer % Correct
7 KPop Demon Hunters
67%
4 Swapped
33%
2 Apex
0%
3 Bugonia
0%
1 GOAT
0%
11 I Am Legend
0%
10 Mechanic: Resurrection
0%
8 Mother’s Day
0%
5 Remarkably Bright Creatures
0%
13 Slow West
0%
14 Spider-Man
0%
15 Spider-Man 2
0%
9 Stolen Baby: The Murder of Heidi Broussard
0%
6 The Crash
0%
12 Thrash
0%
No matching quizzes found
Score Distribution
Percent of People with Each Score
Percentile by Number Answered
Your Score History
You have not taken this quiz